000 00768nmc a2200301 a 4500
003 AR-BaBNM
005 20251128203633.0
008 146119s1974 ||||||||||||||000 | spa||
040 _cAR-BaBNM
100 1 _aZorrilla, José
245 1 0 _aDon Juan Tenorio
250 _a5ª ed.
260 _aBuenos Aires
_bHuemul
_c1974
300 _a253 p.
490 0 _aClásicos Huemul
_vv. 23
500 _aContiene vocabulario en p. 229
650 4 _aTEATRO
650 4 _aRENACIMIENTO
650 4 _aINVESTIGACION LITERARIA
650 4 _aHISTORIA LITERARIA
651 4 _aFrancia
651 4 _aEspaña
655 _aLITERATURA
700 1 _aIturralde, María Delia
_eprologuista
800 1 _aPelegrini, Juan Carlos
_edirector
942 _cBK
998 _cisola
999 _c4265
_d4265